Μελέτες ιστορίας του πελοποννησιακού χώρου : από τα μέσα του 17ου αιώνα ως τη δημιουργία του νεοελληνικού κράτους

Αποθηκεύτηκε σε:
Λεπτομέρειες βιβλιογραφικής εγγραφής
Κύριος συγγραφέας: Νικολάου, Γιώργος Β.
Μορφή: Βιβλίο
Γλώσσα:Greek
Δημοσίευση: Αθήνα : Ηρόδοτος, 2009
Σειρά:Νεότερη ελληνική ιστορία και πολιτισμός
Θέματα:
Ετικέτες: Προσθήκη ετικέτας
Δεν υπάρχουν, Καταχωρήστε ετικέτα πρώτοι!

MARC

LEADER 00000cam a2200000 i 4500
001 1/44367
008 140317s2009 gr | ||| |||| ||gre||
020 |a 9789608256965 
035 |l 10117113 
040 |a GR-MY-UA  |b gre  |e aacr 
041 0 |a gre 
082 0 |a 938.92  |2 (22) 
100 1 |a Νικολάου, Γιώργος Β. 
245 1 0 |a Μελέτες ιστορίας του πελοποννησιακού χώρου :  |b από τα μέσα του 17ου αιώνα ως τη δημιουργία του νεοελληνικού κράτους /  |c Γιώργος Β. Νικολάου ; πρόλογος του ακαδημαϊκού Μιχαήλ Β. Σακελλαρίου 
260 |a Αθήνα :   |b Ηρόδοτος,   |c 2009 
300 |a 645 σ. ;  |c 24 εκ. 
490 1 |a Νεότερη ελληνική ιστορία και πολιτισμός 
504 |a Περιέχει βιβλιογραφικές αναφορές και ευρετήριο 
505 0 |a Τα κείμενα που διαρθρώνουν αυτό το βιβλίο απλώνονται σε μια μεγάλη περίοδο της νεότερης πελοποννησιακής ιστορίας, στη διάρκεια της οποίας έχουμε εναλλαγή κυριάρχων ή πολιτικών καταστάσεων: στην ύστερη φάση της πρώτης Τουρκοκρατίας (από τα μέσα του 17ου αιώνα), στην περίοδο της δεύτερης Βενετοκρατίας (1685-1715), στην περίοδο της δεύτερης οθωμανικής κυριαρχίας (1715-1821) και τέλος στην περίοδο του Αγώνα της ανεξαρτησίας ως τη δημιουργία του νεοελληνικού κράτους. Θεματικά, αυτές οι μελέτες, οι περισσότερες από τις οποίες βασίζονται σε ανέκδοτο αρχειακό υλικό από ελληνικά και ξένα αρχεία, καλύπτουν ένα αρκετά ευρύ ερευνητικό και ιστοριογραφικό πεδίο, με κύριο άξονα την κοινωνική και την οικονομική ιστορία της Πελοποννήσου στη διάρκεια περίπου δύο αιώνων: ζητήματα που έχουν να κάνουν με τις κοινωνικές, τις οικονομικές, τις δημογραφικές και τις θρησκευτικές επιπτώσεις της κατάκτησης πάνω στον ντόπιο πληθυσμό, με τη δημογραφική κατάσταση ορισμένων περιοχών της, με τον μοναχισμό, με την πολύ σημαντική και κρίσιμη για τον Μοριά εξέγερση του 1770, με την πειρατεία, με την εικόνα που διαμόρφωσαν για τους Τούρκους οι πελοποννήσιοι συγγραφείς απομνημονευμάτων -αγωνιστές του 1821, με την τύχη των αιχμαλώτων της Επανάστασης και τέλος με ζητήματα προσωπογραφικού χαρακτήρα που αφορούν τις τοπικές ελίτ. 
651 0 |a Peloponnesus (Greece)  |x History  |y 17th century. 
651 0 |a Peloponnesus (Greece)  |x History  |y 18th century. 
651 0 |a Peloponnesus (Greece)  |x History  |y 19th century. 
830 0 |a Νεότερη ελληνική ιστορία και πολιτισμός 
852 |a INST  |b LESVOS  |c EUDOXUS  |e 20140317  |h 938.92 ΝΙΚ  |p 005100053910  |q 005100053910  |t EDX  |y 0 
901 |a BIBL1-2014-1 
909 |a Λ  |b 177455 
920 |a ΕΥΔΟΞΟΣ  |b ΠΑΡΑΓΓΕΛΙΑ  |y Λέσβος  |z 2013-12 
970 |a ΤΖΑΦΕΡΗ  |b ΕΥΑΓΓΕΛΙΑ  |z 2014/03/17